|
|
|
|
| LEADER |
00000nam0a2200000 4500 |
| 001 |
271600 |
| 005 |
20231101234443.0 |
| 010 |
|
|
|a 9785438300243
|
| 035 |
|
|
|a (RuTPU)RU\TPU\book\294801
|
| 035 |
|
|
|a RU\TPU\book\239443
|
| 090 |
|
|
|a 271600
|
| 100 |
|
|
|a 20141009d2014 m y0rusy50 ca
|
| 101 |
0 |
|
|a rus
|
| 102 |
|
|
|a RU
|
| 105 |
|
|
|a a j 001zy
|
| 200 |
1 |
|
|a Таможенное декларирование и предварительное информирование в электронной форме
|e учебное пособие
|f Ю. В. Малышенко
|
| 210 |
|
|
|a Санкт-Петербург
|c Интермедия
|d 2014
|
| 215 |
|
|
|a 319 с.
|c ил.
|e CD-ROM
|
| 320 |
|
|
|a Библиогр. в конце гл.
|
| 330 |
|
|
|a В книге подробно обсуждаются различные аспекты таможенного декларирования и предварительного информирования в электронной форме (правовые, технологические, программно-технические, обеспечения информационной безопасности), рассматриваются средства и технологии, используемые как участниками ВЭД, так и таможенной службой. К изданию прилагается электронный диск с основными документами, регламентирующими порядок, условия подключения и действия должностных лиц таможенных органов при декларировании и предварительном информировании в электронной форме.Учебное пособие ориентировано на студентов, изучающих таможенное дело, а также участников ВЭД, осуществляющих практическую деятельность в области декларирования товаров и транспортных средств.
|
| 606 |
1 |
|
|a Таможенное дело
|x Экономика
|2 stltpush
|3 (RuTPU)RU\TPU\subj\69328
|9 84236
|
| 610 |
1 |
|
|a таможенное декларирование
|
| 610 |
1 |
|
|a электронное декларирование
|
| 610 |
1 |
|
|a таможенное право
|
| 610 |
1 |
|
|a информационные системы
|
| 610 |
1 |
|
|a таможенные органы
|
| 610 |
1 |
|
|a предварительное информирование
|
| 610 |
1 |
|
|a автоматизированные системы
|
| 610 |
1 |
|
|a таможенные порталы
|
| 610 |
1 |
|
|a Интернет
|
| 610 |
1 |
|
|a перевозки
|
| 610 |
1 |
|
|a автомобильный транспорт
|
| 610 |
1 |
|
|a железнодорожный транспорт
|
| 610 |
1 |
|
|a программные комплексы
|
| 610 |
1 |
|
|a удаленный доступ
|
| 610 |
1 |
|
|a электронная подпись
|
| 610 |
1 |
|
|a криптографические системы
|
| 610 |
1 |
|
|a учебные пособия
|
| 610 |
1 |
|
|a CD-ROM
|
| 686 |
|
|
|a У9(2)428я73
|v LBC/SL-A
|2 rubbk
|
| 700 |
|
1 |
|a Малышенко
|b Ю. В.
|g Юрий Вениаминович
|
| 801 |
|
1 |
|a RU
|b 63413507
|c 20120705
|
| 801 |
|
2 |
|a RU
|b 63413507
|c 20150626
|g RCR
|
| 900 |
|
|
|a Таможенное делопроизводство
|
| 900 |
|
|
|a Таможенное дело
|
| 942 |
|
|
|c BK
|
| 951 |
|
|
|b 036401
|l 8
|
| 959 |
|
|
|a 100/20120703
|d 5
|e 550,00
|f ЧЗГЛ:1
|f АНЛ:1
|f УФ:3
|
| 959 |
|
|
|a 48/20130301
|d 5
|e 550,00
|f ЧЗГЛ:1
|f АНЛ:1
|f УФ:3
|
| 959 |
|
|
|a 31/20140220
|d 3
|e 650,00
|f УФ:3
|